000 00783nam a22002297a 4500
003 UA-OsUOA
001 112159
007 ta
008 20150622b un ||||| |||| 00| 0 ukr d
100 _aТарангул Л.Л.
700 _aКоляда Т.А.
090 _a330(477)
_bТ19
942 _cSA
040 _aUA-OsUOA
_bukr
_cUA-OsUOA
_dUA-OsUOA
245 _aОсобливості формування міжбюджетних фінансових потоків в умовах запровадження в Україні бюджетної децентралізаії
300 _aС.30-45
955 _a0
041 _aukr
080 _a330(477)
773 0 _w112157
_tФінанси України
_dК.
_d2015
_g3
650 7 _a330 Економіка взагалі
_2UDC
999 _c398206
_d398206